| 000 | nam a22 a 4500 | ||
|---|---|---|---|
| 999 |
_c133806 _d133806 |
||
| 003 | BLK | ||
| 005 | 20201021124331.0 | ||
| 008 | 180409b bul|||||r ||||||| ||bul|| | ||
| 010 | _aKNG00139707000 | ||
| 040 | _aBLK | ||
| 041 |
_aRUS _cRUS |
||
| 072 | 7 |
_2bullib _aЦ _xРедки и ценни |
|
| 080 |
_aОбща история на философията _b101(091) _x(430) _z101(091)(430) |
||
| 100 | 1 |
_aШопенгауэр, Артур _eпърви автор _9143912 |
|
| 139 |
_aШопенгауэр, Артур _bШ 84 |
||
| 245 | 1 | 0 |
_aАфоризмы и максимы _bТ. 1 - 3 _cАртур Шопенгауэр; пер. и предисл. Ф. В. Черниговец; * Федор Владимирович Вишневский. _nТ. 3 _pМысли |
| 257 | _aDEU | ||
| 260 |
_bА. С. Суворин _c1886 - 1895 _aС.-Петербург |
||
| 300 | _c17 см | ||
| 380 | _a1 | ||
| 490 |
_9435080 _aКолекция Редки и ценни издания |
||
| 650 | 4 |
_aФилософия, немска _9302861 |
|
| 650 | 4 |
_aФилософия - морално-етични проблеми _9252115 |
|
| 651 | 4 |
_aГермания _9178754 |
|
| 653 | _aнемска философия | ||
| 653 | _aфилософия на природата | ||
| 653 | _aестетика | ||
| 659 | _aЦ | ||
| 700 | 1 |
_aЧерниговец, Ф. В. _eпер. и предисл. _gВишневский, Федор Владимирович _9141498 |
|
| 700 | 1 |
_aВишневский, Федор Владимирович _e* _9324100 |
|
| 760 | 1 |
_aШопенгауэр, Артур _d1895 _hVІ, 596 с. _nИз "Parerga und Paralipomena". _tТ. 3 Мысли |
|
| 852 |
_aРр 886 _bРц |
||
| 856 | 4 | _qpdf | |
| 942 |
_cKNG _n0 _s1 |
||
| 944 |
_aCR _c18.02.2013 _l18.02.2013 - от С1,Р / 18.02.2013 _kНаталия_Медовщикова |
||
| 944 |
_aED _c2020-10-21 |
||
| 999 | _d133806 | ||